000 01143cam a2200301 a 4500
001 9258332
003 ARRUPE
005 20140520133942.0
008 750130s1941 enk 000 0 eng c
010 _aa 42002530
040 _aNew York. Public library
_cMBNU
_dOCoLC
_dDLC
050 0 0 _aPR4851
_b1941
051 _aPR4851
_b1941 Copy 2
_cIn dust jacket. Part of the gift of Mrs. H. Dunscombe Colt, 1984-1987.
100 1 _aKipling, Rudyard,
_d1865-1936.
_910371
240 1 0 _aPoems.
_kSelections
245 1 2 _aA choice of Kipling's verse /
_cmade by T. S. Eliot ; with an essay on Rudyard Kipling.
260 _aLondon :
_bFaber and Faber,
_c[1941]
300 _a306 p. ;
_c21 cm.
500 _a"First published in December Mcmxli."
510 4 _aStewart, J.M. Kipling,
_c687
700 1 _aEliot, T. S.
_q(Thomas Stearns),
_d1888-1965.
_910372
710 2 _aKipling Collection (Library of Congress)
_5DLC
_910373
710 2 _aColt Kipling Collection (Library of Congress)
_5DLC
_910374
906 _a7
_bcbc
_cpremver
_d2
_encip
_f19
_gy-gencatlg
942 _2lcc
_cMONOGRAPH
999 _c120544
_d120544